000
00218nam a22001097a 4500
999
_c
65218
_d
65215
082
_a
297 YOU
100
_a
Youssef El-Digwy
245
_a
Islam the ideal religion
260
_a
Lahore
300
_a
179
942
_c
BK